KOHA-Header-6

Modern Money & Banking (Record no. 7673)

000 -LEADER
fixed length control field 00251nam a2200109Ia 4500
100 ## - MAIN ENTRY--AUTHOR NAME
Personal name Roger Miller
245 #0 - TITLE STATEMENT
Title Modern Money & Banking
260 ## - PUBLICATION, DISTRIBUTION, ETC. (IMPRINT)
Place of publication USA
Name of publisher Education
Year of publication 1993
300 ## - PHYSICAL DESCRIPTION
Number of Pages 794
942 ## - ADDED ENTRY ELEMENTS (KOHA)
Koha item type Books
Holdings
Withdrawn status Lost status Collection code Permanent Location Current Location Shelving location Date acquired Full call number Accession Number Koha item type
    Banking MAJU MAJU Shelf No.A45 2019-09-12 658.8 1676 Banking

Powered by Koha